=LDR 00000nam 2200000 4500 =001 INLIS000000000041702 =005 20130612151222 =008 ***********************************Ind** =035 ##$$0010-061300000041702 =041 ##$$a Ind =082 ##$$a 959.800 2 =090 ##$$a 959.800 2, Bun b =245 ##$$a Bunga rampai soempah pemoeda =260 ##$$a 1978 $b Jakarta =300 ##$$a 544 hlm, ilus, 21 cm =650 ##$$a Indonesia =650 ##$$a Sejarah =650 ##$$a Sumpah Pemuda =850 ##$$a NBPNMAT